PRA đánh giá nông thôn với sự tham gia của người dân

Sách gồm một loạt các công cụ và phương pháp thu thập thông tin trong đó nông dân là người trực tiếp tham gia trong tiến trình thu thập và phân tích thông tin.

Đã lưu trong:
書目詳細資料
主要作者: Nguyễn, Duy Cần
格式: 圖書
語言:Undetermined
出版: Cantho Cantho university 2006
主題:
標簽: 添加標簽
沒有標簽, 成為第一個標記此記錄!
Thư viện lưu trữ: Trung tâm Học liệu Trường Đại học Cần Thơ
LEADER 00802nam a2200193Ia 4500
001 CTU_121534
008 210402s9999 xx 000 0 und d
082 |a 307 
082 |b C121 
100 |a Nguyễn, Duy Cần 
245 0 |a PRA đánh giá nông thôn với sự tham gia của người dân 
245 0 |c Nguyễn Duy Cần, Nico Vromant 
260 |a Cantho 
260 |b Cantho university 
260 |c 2006 
520 |a Sách gồm một loạt các công cụ và phương pháp thu thập thông tin trong đó nông dân là người trực tiếp tham gia trong tiến trình thu thập và phân tích thông tin. 
650 |a Rural development 
904 |i Tuyến 
980 |a Trung tâm Học liệu Trường Đại học Cần Thơ